| 000 | 01944nam a2200277Ia 4500 | ||
|---|---|---|---|
| 001 | K0385 | ||
| 003 | IT-RoPAU | ||
| 008 | 130308s9999 xx 000 0 und d | ||
| 040 | _aIT-RoPAU | ||
| 040 | _cIT-RoPAU | ||
| 041 | _aITALIANO | ||
| 100 | _aRegina Vincenzo | ||
| 100 | _gCodice Aut. SPICS: 60144 | ||
| 245 | _aGuida alla lettura delle opere d'arte Basilica di S. Maria Assunta, Alcamo | ||
| 245 | _bGuida Alla Lettura delle Opere d'arte Basilica di S. Maria Assunta, Alcamo | ||
| 250 | _a1a ed. | ||
| 260 | _bs.e. (senza Editrice o non identificata) | ||
| 260 | _c1999 [1° Ed.:1999 - Ed.Ling.Originale:1999] | ||
| 300 | _a"82 p. (prefazione: no ; testo: 82 [pagine: 0-0])" | ||
| 500 | _a"Facciata, Campanile, Cupola. Architettura, scultura , Pittura. Cappelle: Cappella della Madonna di Fatima Sacello di D. Giuseppe Rizzo; Cappella del Ss. Crocifisso; Cappella dei Santi Crispino e Crispiniano; Cappella di S. Lucia; Cappella dei Santi Filippo e Giacomo; Cappella del S. Cuore di Gesu'; Cappella della S. Spina; Cappella del Ss. Sacramento; Abside; Cappella di Maria Santissima dei Miracoli; Cappella di S. Anna; Cappella di S. Pietro; Cappella di S. Francesco D'Assisi; Cappella dei Quattro Santi; Cappella della Madonna di Trapani; Cappella della Madonna del Carmelo; Cappella della Madonna del Lume. Battistero. Illustrazioni in bianco e Nero di Autori vari tra I Quali: Berrettaro; Angelo Italia; Giuseppe Diamante; Guglielmo Borremans; Giovan Leonardo Bagolino; Paolo Borghi; Antonello Gagini; Filippo Paladini; Francesco Minutella; Andrea Porzio; Giuseppe Carrera; Salvatore Raiano; Lorenzo Curti; Giacomo Gagini; Filippo Randazzo; Giovanni Marino; Giuseppe Renda; Olivio Sozzi; Gaspare Balsano. " | ||
| 650 | _aSAGGI SULLE ARTI VISIVE | ||
| 650 | _eCodice materia Spics: 5011 | ||
| 942 | _cBK | ||
| 957 | _71 | ||
| 999 |
_c77083 _d77083 |
||
| 999 | _g1 | ||